| 000 | 00918cam a2200277 i 4500 | ||
|---|---|---|---|
| 001 | 317470 | ||
| 003 | ARRUPE | ||
| 005 | 20131107142355.0 | ||
| 008 | 750814s1976 wiub b 001 0 eng | ||
| 010 | _a 74027318 | ||
| 020 |
_a0299067408 : _c$20.00 |
||
| 040 |
_aDLC _cDLC _dDLC |
||
| 043 | _ad------ | ||
| 050 | 0 | 0 |
_aJF60 _b.Y67 |
| 082 | 0 | 0 | _a320.9/172/4 |
| 100 | 1 |
_aYoung, Crawford, _d1931- _93489 |
|
| 245 | 1 | 4 |
_aThe politics of cultural pluralism / _cCrawford Young. |
| 260 |
_aMadison : _bUniversity of Wisconsin Press, _c1976. |
||
| 300 |
_axii, 560 p. : _bmaps ; _c24 cm. |
||
| 504 | _aIncludes bibliographical references and index. | ||
| 650 | 0 |
_aCultural pluralism _vCase studies. _93490 |
|
| 651 | 0 |
_aDeveloping countries _xPolitics and government. _93491 |
|
| 651 | 0 |
_aDeveloping countries _xSocial conditions. _93492 |
|
| 906 |
_a7 _bcbc _corignew _d1 _eocip _f19 _gy-gencatlg |
||
| 942 |
_2lcc _cMONOGRAPH |
||
| 999 |
_c118576 _d118576 |
||